Estudios culturales y comunicación: análisis, producción y consumo cultural de las políticas de identidad y el posmodernismo /
La autora esboza una serie de temas sobre la erotización de las niñas en los medios populares de comunicación, la ignorancia y negación de este fenómeno. Recurre al psicoanálisis y a los estudios culturales para manifestar como lo social y lo psíquico se fusionan en cierto momento para crear fantasí...
محفوظ في:
| المؤلف الرئيسي: | |
|---|---|
| مؤلفون آخرون: | |
| التنسيق: | نص |
| منشور في: |
Barcelona:
PAIDOS
|
| الموضوعات: | |
| الوسوم: |
إضافة وسم
لا توجد وسوم, كن أول من يضع وسما على هذه التسجيلة!
|
MARC
| LEADER | 00000 a a2200000 04500 | ||
|---|---|---|---|
| 001 | 32657 | ||
| 003 | |||
| 040 | |||
| 020 | |a 84-493-0518-7 | ||
| 090 | |a 203309 | ||
| 100 | |a Curran, James | ||
| 245 | |a Estudios culturales y comunicación: análisis, producción y consumo cultural de las políticas de identidad y el posmodernismo / |c James Curran | ||
| 260 | |a Barcelona: |b PAIDOS | ||
| 300 | |a 548 p. | ||
| 520 | |a La autora esboza una serie de temas sobre la erotización de las niñas en los medios populares de comunicación, la ignorancia y negación de este fenómeno. Recurre al psicoanálisis y a los estudios culturales para manifestar como lo social y lo psíquico se fusionan en cierto momento para crear fantasías sociales y culturales sobre las niñas | ||
| 650 | |a SEXUALIDAD | ||
| 650 | |a INFANCIA | ||
| 650 | |a ANALISIS DE GENERO | ||
| 650 | |a CULTURA POPULAR | ||
| 650 | |a PSICONALISIS | ||
| 650 | |a PSICOLOGIA SOCIAL | ||
| 700 | |a Morley, David |a Walkerdine, Valerie | ||
| 999 | |c 13446 |d 13446 | ||



